[Event "FRA-chT4 0506"]
[Site "France"]
[Date "2006.01.15"]
[Round "4"]
[White "Braibant, Nicolas"]
[Black "Cazzaro, Dorian"]
[Result "0-1"]
[WhiteElo "1130"]
[BlackElo "1680"]
[PlyCount "88"]
[EventDate "2005.10.02"]
[EventType "team"]
[EventRounds "9"]
[EventCountry "FRA"]
[SourceTitle "EXT 2007"]
[Source "ChessBase"]
[SourceDate "2006.11.23"]
[SourceVersion "1"]
[SourceVersionDate "2006.11.23"]
[SourceQuality "1"]

1. e4 e5 2. Nf3 Nc6 3. Nc3 Nf6 4. Bc4 Be7 5. d3 0-0 6. 0-0 d6 7. Be3 Bg4 8. h3 Bh5 9. Qd2 Bxf3 10. gxf3 Na5 11. Kg2 Nxc4 12. dxc4 h6 13. Rg1 Nh7 14. Bxh6 gxh6 15. Qxh6 Kh8 16. Kh2 Bg5 17. Rxg5 Qxg5 18. Qxg5 Nxg5 19. h4 Nxf3+ 20. Kg2 Nxh4+ 21. Kf1 Ng6 22. Ke2 Nf4+ 23. Kf3 Kg7 24. Nd5 Nxd5 25. exd5 Kf6 26. c5 Ke7 27. cxd6+ cxd6 28. c4 Rac8 29. Rc1 b5 30. b3 bxc4 31. bxc4 Rc5 32. Ke4 Rb8 33. a4 Rb4 34. Kf5 Rcxc4 35. Rxc4 Rxc4 36. f4 Rxf4+ 37. Kg5 f6+ 38. Kh5 Kf7 39. a5 f5 40. Kg5 a6 41. Kh5 Rg4 42. Kh6 Kf6 43. Kh5 e4 44. Kh6 Rh4# 0-1